004650000a22001690004500020001400000060000800014082001500022100001600037100001700053100001800070245004600088260002700134260000900161300000800170490004500178650007200223 a012331501 a100 a583.79 HAW aHawkes, J G aLester, R N aSkelding, A D aThe Biology and Taxonomy of the Solanceae aLondon, Academic press c1979 a738 aLinnean society symposium sreis Number 7 aTaxonomy and floristics / Ethnobotony / morphology and microgenesis